| 000 | 01455nam a2200325 4500 | ||
|---|---|---|---|
| 001 | 454 | ||
| 003 | OSt | ||
| 005 | 20250701145127.0 | ||
| 008 | 250701b |||||||g |||| 00| j eng d | ||
| 020 | _a8532515053 | ||
| 040 | _bpor | ||
| 041 |
_heng _apor |
||
| 082 |
_a028.5 _bA649d |
||
| 100 | 1 |
_aApplegate, Katherine. _d1956 - |
|
| 240 | _aAnimorphs: the unkown | ||
| 245 |
_aAnimorphs: _bO desconhecido / _cApplegate, Katherine; Tradução de Regina Stela Braga |
||
| 260 |
_aRio de Janeiro _bRocco _c2003 |
||
| 300 | _a142 p. | ||
| 520 | _aOs boatos já circulavam pela cidade. alguém tinha descoberto que existia vida em outros planetas e que o grande segredo estaria escondido em uma base conhecida por Zona Noventa e Um, o lugar mais secreto da Terra. Cassie e seus amigos já conheciam todos os detalhes sobre o assunto. E descobriram que os Yeerks também tentariam chegar ao local para saber se o tal mistério atrapalharia a missão que tinham pela frente. Então os Animorphs decidiram ir até lá para visitá-los. O que acharam não era aquilo que esperavam. | ||
| 650 | 0 |
_aLiteratura Americana _984 |
|
| 650 | 0 |
_aInvasão alienígena _9986 |
|
| 650 | 0 |
_aAdolescentes como heróis _9987 |
|
| 650 | 0 |
_aInfantojuvenil _9200 |
|
| 650 | 0 |
_aTransformação em animais _9988 |
|
| 655 | 0 |
_aRomance _923 |
|
| 655 | 0 |
_aFicção _922 |
|
| 700 |
_aRegina Stela Braga _eTRADUTOR _9989 |
||
| 830 |
_aAnimorphs _9985 _vvol. 14 |
||
| 942 |
_2ddc _n0 _cBK |
||
| 999 |
_c454 _d454 |
||